[Event "Campeonato de Aragón de Ajedrez por Equ"]
[Site "Aragón"]
[Date "2016.03.19"]
[Round "8.1"]
[White "Adla, Diego"]
[Black "Villuendas Valero, Adrian"]
[Result "1/2-1/2"]
[WhiteElo "2410"]
[BlackElo "2319"]
[PlyCount "55"]
[EventDate "2016.01.30"]
[WhiteTeam "St. Casablanca A"]
[BlackTeam "St. Casablanca B"]

1. c4 c5 2. Nc3 Nc6 3. Nf3 g6 4. e3 Bg7 5. d4 d6 6. d5 Nb8 7. e4 Nf6 8. h3 O-O
9. Bd3 e5 10. g4 Na6 11. Bg5 Nc7 12. Qd2 Bd7 13. a4 Qe7 14. Nh2 Rfb8 15. O-O a6
16. Kh1 b5 17. b3 bxa4 18. bxa4 Rb4 19. Rae1 Rab8 20. Re2 Bxa4 21. Nxa4 Rxa4
22. f4 Ra3 23. Rf3 Nce8 24. fxe5 Qxe5 25. Bf4 Qa1+ 26. Re1 Qa2 27. Qxa2 Rxa2
28. e5 1/2-1/2

[Event "Campeonato de Aragón de Ajedrez por Equ"]
[Site "Aragón"]
[Date "2016.03.19"]
[Round "8.2"]
[White "Gomez Anadon, Daniel"]
[Black "Glavina, Pablo"]
[Result "1/2-1/2"]
[WhiteElo "2212"]
[BlackElo "2382"]
[PlyCount "211"]
[EventDate "2016.01.30"]
[WhiteTeam "St. Casablanca B"]
[BlackTeam "St. Casablanca A"]

1. e4 e5 2. Nf3 Nc6 3. d4 exd4 4. Nxd4 Bc5 5. Nb3 Bb6 6. Qe2 Nge7 7. Nc3 O-O 8.
Bg5 h6 9. Bh4 d6 10. O-O-O Qe8 11. f3 f5 12. Bf2 fxe4 13. Nxe4 Qf7 14. Kb1 Be6
15. Qd2 Ne5 16. Bb5 Nc4 17. Bxc4 Bxc4 18. Rhe1 Ng6 19. Nc3 Rae8 20. Bxb6 axb6
21. Rxe8 Rxe8 22. Re1 Re7 23. Rxe7 Qxe7 24. Nd4 Ne5 25. Qe3 Qh4 26. f4 Ng6 27.
g3 Qxh2 28. b3 Bf7 29. Ncb5 c5 30. Nf5 d5 31. Nbd6 Qh1+ 32. Kb2 d4 33. Ne7+
Nxe7 34. Qxe7 Qd5 35. Qd8+ Kh7 36. Nxf7 Qxf7 37. Qxb6 Qd5 38. Qb5 Qf3 39. Qxc5
Qxg3 40. Qxd4 h5 41. Qe4+ Kh6 42. f5 Qg5 43. a4 h4 44. a5 h3 45. Qf3 Qg2 46.
Qf4+ Kh5 47. f6 gxf6 48. Qf5+ Kh4 49. Qxf6+ Kg3 50. Qe5+ Kf2 51. Qd4+ Ke1 52.
Qe3+ Kf1 53. Qc1+ Kf2 54. Qd2+ Kg1 55. Qe3+ Kh2 56. Qe5+ Qg3 57. Qd4 Qf3 58.
Qd2+ Kg3 59. Qg5+ Kf2 60. Qd2+ Kf1 61. Qh2 Qf6+ 62. Kb1 Qf3 63. Kb2 Ke1 64.
Qg1+ Kd2 65. Qh2+ Ke3 66. Qe5+ Kf2 67. Qh2+ Kf1 68. Kb1 Qg2 69. Qf4+ Ke2 70.
Qe5+ Kd2 71. Qd4+ Ke1 72. Qe3+ Kd1 73. Qd3+ Ke1 74. Qe3+ Kf1 75. Qd3+ Kg1 76.
Qe3+ Kh1 77. Kb2 Qg7+ 78. Ka2 h2 79. Qe4+ Kg1 80. Qe1+ Kg2 81. Qe4+ Kg3 82.
Qe3+ Kh4 83. Qf4+ Kh3 84. Qf3+ Qg3 85. Qxb7 Qg2 86. Qh7+ Kg3 87. Qg6+ Kf2 88.
Qf5+ Qf3 89. Qc5+ Kg2 90. Qg5+ Kf1 91. Qb5+ Qe2 92. Qf5+ Ke1 93. Qh7 Kd1 94.
Kb1 Qg2 95. Qd3+ Ke1 96. Qe3+ Qe2 97. Qg3+ Qf2 98. Qc3+ Kf1 99. Qd3+ Kg1 100.
Qg6+ Kh1 101. Kb2 Qg2 102. Qb6 Qg7+ 103. Ka2 Qg1 104. Qc6+ Qg2 105. Qc5 Qe4
106. Qf2 1/2-1/2

[Event "Campeonato de Aragón de Ajedrez por Equ"]
[Site "Aragón"]
[Date "2016.03.19"]
[Round "8.3"]
[White "Quintin Navarro, Alberto"]
[Black "Gimenez Martinez, Alberto"]
[Result "0-1"]
[WhiteElo "2355"]
[BlackElo "2184"]
[PlyCount "126"]
[EventDate "2016.01.30"]
[WhiteTeam "St. Casablanca A"]
[BlackTeam "St. Casablanca B"]

1. d4 d5 2. c4 e6 3. Nf3 Nd7 4. g3 dxc4 5. Bg2 Rb8 6. a4 a6 7. a5 Bb4+ 8. Bd2
Bd6 9. Na3 b5 10. axb6 Nxb6 11. O-O Bb7 12. Nxc4 Nxc4 13. Qa4+ Qd7 14. Qxc4 Qb5
15. Qxb5+ axb5 16. Rfc1 Nf6 17. Ra7 O-O 18. Ne5 Bxg2 19. Kxg2 Ra8 20. Nc6 Rxa7
21. Nxa7 Rb8 22. f3 Rb7 23. Nc6 Nd7 24. f4 Nb8 25. Na5 Ra7 26. e4 Kf8 27. Kf3
Ke8 28. g4 Kd7 29. f5 Ra6 30. e5 Be7 31. Ke4 Nc6 32. Nxc6 Rxc6 33. Rxc6 Kxc6
34. Be3 Bb4 35. h4 g6 36. h5 Be7 37. f6 Bb4 38. Bh6 Be1 39. Bf8 Bd2 40. d5+ Kd7
41. d6 c5 42. Kd3 Bf4 43. Ke4 Bc1 44. b3 c4 45. bxc4 bxc4 46. hxg6 hxg6 47. Kd4
Bf4 48. Kxc4 Bxe5 49. g5 Bxd6 50. Bh6 Bf4 51. Kd4 Kd6 52. Bf8+ Kc6 53. Bh6 e5+
54. Ke4 Kd6 55. Kf3 Kd5 56. Kg4 Bd2 57. Bf8 Kd4 58. Bd6 e4 59. Bg3 Kd3 60. Bh4
e3 61. Kf4 e2+ 62. Ke5 Bxg5 63. Be1 Bd2 0-1

[Event "Campeonato de Aragón de Ajedrez por Equ"]
[Site "Aragón"]
[Date "2016.03.19"]
[Round "8.4"]
[White "Cortes Lizano, Jesus"]
[Black "Lopez Gracia, Fernando"]
[Result "1/2-1/2"]
[WhiteElo "2149"]
[BlackElo "2346"]
[PlyCount "92"]
[EventDate "2016.01.30"]
[WhiteTeam "St. Casablanca A"]
[BlackTeam "St. Casablanca B"]

1. Nf3 Nf6 2. g3 d5 3. c4 e6 4. Bg2 c5 5. cxd5 exd5 6. d4 Nc6 7. O-O Be7 8. h3
O-O 9. Nc3 Re8 10. Na4 c4 11. Ne5 Nxe5 12. dxe5 Ne4 13. Nc3 Nxc3 14. bxc3 Bc5
15. Kh2 Rxe5 16. Bf4 Re8 17. Bxd5 g5 18. Be3 Bxe3 19. fxe3 Be6 20. Bxb7 Rb8 21.
Rb1 Qxd1 22. Rfxd1 Bf5 23. e4 Bg6 24. Kg1 Re7 25. Bd5 Rxb1 26. Rxb1 Bxe4 27.
Bxe4 Rxe4 28. Kf2 Re7 29. Rb5 h6 30. Rc5 Rb7 31. Rxc4 Kg7 32. Rc6 Rb2 33. a4
Ra2 34. Rc4 a5 35. Ke3 Kg6 36. Kf3 h5 37. e3 Rh2 38. Rc5 Rxh3 39. Kg2 g4 40. e4
h4 41. gxh4 Re3 42. Rg5+ Kh6 43. Rxa5 Rxe4 44. Kg3 Rc4 45. Rf5 Rxa4 46. Rxf7
Rc4 1/2-1/2

[Event "Campeonato de Aragón de Ajedrez por Equ"]
[Site "Aragón"]
[Date "2016.03.19"]
[Round "8.5"]
[White "Del Rey, Diego"]
[Black "Forcen Esteban, Daniel"]
[Result "0-1"]
[WhiteElo "2388"]
[BlackElo "2555"]
[PlyCount "96"]
[EventDate "2016.01.30"]
[WhiteTeam "El Olivar A"]
[BlackTeam "Jaime Casas A"]

1. e4 c5 2. c3 Nf6 3. e5 Nd5 4. Nf3 Nc6 5. Bc4 Nb6 6. Bb3 c4 7. Bc2 d5 8. exd6
e5 9. d4 cxd3 10. Qxd3 Qxd6 11. O-O Qxd3 12. Bxd3 f6 13. a4 a5 14. Re1 Bg4 15.
h3 Bxf3 16. gxf3 g5 17. Bf5 Kf7 18. Nd2 Rd8 19. Bc2 Be7 20. Nf1 Nd5 21. Ng3 Bc5
22. Ne4 Bb6 23. Rd1 Nce7 24. Bd2 Kg7 25. c4 Nf4 26. c5 Bc7 27. Bxf4 gxf4 28.
Kh2 f5 29. Nd6 Kf6 30. Bb3 Bxd6 31. cxd6 Nc6 32. Rd5 Rd7 33. Bc4 Rhd8 34. Rad1
Nd4 35. Rxa5 Rxd6 36. Kg2 R6d7 37. Rc5 Nxf3 38. Rxd7 Nh4+ 39. Kf1 Rxd7 40. Bd5
e4 41. Rb5 Nf3 42. Bb3 Rd2 43. Rb6+ Kg5 44. Rxb7 Rxb2 45. Bd5 Rc2 46. Kg2 Nh4+
47. Kf1 Rc1+ 48. Ke2 Nf3 0-1

[Event "Campeonato de Aragón de Ajedrez por Equ"]
[Site "Aragón"]
[Date "2016.03.19"]
[Round "8.6"]
[White "Antoli Royo, Joaquin Miguel"]
[Black "Chueca Forcen, Alberto"]
[Result "0-1"]
[WhiteElo "2449"]
[BlackElo "2267"]
[PlyCount "68"]
[EventDate "2016.01.30"]
[WhiteTeam "Jaime Casas A"]
[BlackTeam "El Olivar A"]

1. c4 e5 2. a3 Nc6 3. b4 g6 4. Bb2 Bg7 5. e3 d6 6. Nf3 f5 7. d4 e4 8. Ng1 Nf6
9. Nh3 O-O 10. Nc3 a5 11. b5 Ne7 12. Nf4 g5 13. Nh5 Nxh5 14. Qxh5 Ng6 15. g3 c6
16. Qd1 Be6 17. Qa4 Rc8 18. Be2 Kh8 19. O-O d5 20. bxc6 bxc6 21. cxd5 cxd5 22.
f4 exf3 23. Bxf3 f4 24. exf4 gxf4 25. Rae1 Rc4 26. Qb5 Bxd4+ 27. Kg2 fxg3 28.
hxg3 Nf4+ 29. Kh1 Rf6 30. Bh5 Nxh5 31. Ne2 Rxf1+ 32. Rxf1 Nxg3+ 33. Nxg3 Qh4+
34. Kg2 Bh3+ 0-1

[Event "Campeonato de Aragón de Ajedrez por Equ"]
[Site "Aragón"]
[Date "2016.03.19"]
[Round "8.7"]
[White "Palacios Latasa, Elias"]
[Black "Ramiro Ovejero, Juan Luis"]
[Result "1/2-1/2"]
[WhiteElo "2238"]
[BlackElo "2370"]
[PlyCount "90"]
[EventDate "2016.01.30"]
[WhiteTeam "El Olivar A"]
[BlackTeam "Jaime Casas A"]

1. e4 d6 2. Nc3 e5 3. f4 exf4 4. Nf3 Nf6 5. d4 d5 6. exd5 Nxd5 7. Nxd5 Qxd5 8.
Bxf4 Bd6 9. Bxd6 Qxd6 10. Bd3 O-O 11. O-O Nd7 12. Qe1 Nf6 13. Qh4 h6 14. Rae1
Bd7 15. Ne5 Rad8 16. Re3 c5 17. Rg3 Kh8 18. Nxd7 Rxd7 19. dxc5 Qxc5+ 20. Kh1
Rd4 21. Qh3 Qd6 22. Rgf3 Kg8 23. Rxf6 gxf6 24. Qf5 Rxd3 25. cxd3 Re8 26. h3 Re3
27. Rc1 Qxd3 28. Rc8+ Kg7 29. Qg4+ Qg6 30. Qb4 Qg5 31. Qf8+ Kg6 32. Qg8+ Kf5
33. Rc5+ Re5 34. Rxe5+ Kxe5 35. Qb8+ Ke6 36. Qc8+ Ke5 37. Qxb7 Qc1+ 38. Kh2
Qf4+ 39. Kg1 Qe3+ 40. Kf1 Qd3+ 41. Kf2 Qd2+ 42. Kg1 Qc1+ 43. Kh2 Qf4+ 44. Kg1
Qc1+ 45. Kh2 Qf4+ 1/2-1/2

[Event "Campeonato de Aragón de Ajedrez por Equ"]
[Site "Aragón"]
[Date "2016.03.19"]
[Round "8.8"]
[White "Maza Broto, Pablo"]
[Black "Melendez Fierro, Juan Bautista"]
[Result "1-0"]
[WhiteElo "2082"]
[BlackElo "2146"]
[PlyCount "83"]
[EventDate "2016.01.30"]
[WhiteTeam "Jaime Casas A"]
[BlackTeam "El Olivar A"]

1. d4 e6 2. Nf3 f5 3. c4 Nf6 4. e3 d5 5. Be2 c6 6. O-O Bd6 7. b3 Ne4 8. Ba3
Bxa3 9. Nxa3 Nc3 10. Qc2 Nxe2+ 11. Qxe2 O-O 12. Ne5 Nd7 13. Nc2 Nxe5 14. dxe5
b6 15. Nd4 c5 16. Nb5 Bb7 17. Rfd1 Qe7 18. f4 Bc6 19. Nd6 g5 20. Qh5 gxf4 21.
exf4 dxc4 22. bxc4 Qg7 23. Rd2 Rad8 24. Re1 Qg4 25. Qxg4+ fxg4 26. g3 Ra8 27.
Kf2 a6 28. Rc1 h5 29. Ke3 Ra7 30. Ne4 Bxe4 31. Kxe4 Kf7 32. Rd6 Rb8 33. f5
exf5+ 34. Kxf5 Rab7 35. Rh6 Kg7 36. Rxh5 Rf7+ 37. Kxg4 Rf2 38. Rg5+ Kh7 39. Re1
Rxh2 40. e6 Re8 41. e7 Rd2 42. Rh1+ 1-0

[Event "Campeonato de Aragón de Ajedrez por Equ"]
[Site "Aragón"]
[Date "2016.03.19"]
[Round "8.9"]
[White "Gavin Roche, Enrique"]
[Black "Lana Rodriguez, David"]
[Result "0-1"]
[WhiteElo "2242"]
[BlackElo "2260"]
[PlyCount "66"]
[EventDate "2016.01.30"]
[WhiteTeam "ONCE C.A. Aragon"]
[BlackTeam "Agrupacion A"]

1. d4 e6 2. c4 d5 3. Nc3 Nf6 4. cxd5 exd5 5. Bg5 Be7 6. e3 c6 7. Qc2 O-O 8. Bd3
Nbd7 9. Nf3 Re8 10. O-O Nf8 11. Rab1 g6 12. h3 Ne6 13. Bh6 Ng7 14. Bxg7 Kxg7
15. b4 a6 16. a4 Be6 17. b5 cxb5 18. axb5 a5 19. Qb3 Ne4 20. Rfc1 Nxc3 21. Rxc3
a4 22. Qc2 a3 23. Qa2 Qa5 24. Rcb3 Rec8 25. Nd2 Rc4 26. Rd1 Rc7 27. Nb1 Rac8
28. Kh2 Rc1 29. Rd2 Re1 30. Kg3 Qc7+ 31. Kf3 Qc1 32. g4 Rh1 33. Nxa3 Rxh3+ 0-1

[Event "Campeonato de Aragón de Ajedrez por Equ"]
[Site "Aragón"]
[Date "2016.03.19"]
[Round "8.10"]
[White "Ramon Perez, Jose Luis"]
[Black "Laliena Solanes, Luis"]
[Result "1-0"]
[WhiteElo "2238"]
[BlackElo "2219"]
[PlyCount "103"]
[EventDate "2016.01.30"]
[WhiteTeam "Agrupacion A"]
[BlackTeam "ONCE C.A. Aragon"]

1. e4 c6 2. c4 e5 3. Nf3 d6 4. d4 Nd7 5. Nc3 Ngf6 6. Be2 Be7 7. O-O O-O 8. Qc2
Re8 9. Rd1 Qc7 10. Rb1 a6 11. b4 b5 12. a4 bxa4 13. Qxa4 exd4 14. Nxd4 Bb7 15.
Nf5 Bf8 16. Ng3 a5 17. Bf4 Ne5 18. c5 dxc5 19. bxa5 Ba6 20. Bd2 c4 21. Be3 Nd3
22. Rb6 Qe5 23. Rxa6 Nb2 24. Qc2 Nxd1 25. Rxa8 Nxc3 26. Rxe8 Nxe8 27. Bxc4 Nd6
28. f4 Qxa5 29. Bf1 Qb4 30. e5 Nc4 31. Bd4 Bc5 32. Qf2 Bxd4 33. Qxd4 Qb6 34.
Nf5 Qxd4+ 35. Nxd4 Na5 36. Kf2 Nd5 37. Kf3 c5 38. Nb5 c4 39. Ke4 c3 40. Bd3 Nb4
41. Nxc3 Nxd3 42. Kxd3 Nc6 43. Kc4 Kf8 44. Kc5 Ne7 45. Nd5 Nf5 46. g4 Nh4 47.
Kd6 Nf3 48. f5 g6 49. e6 fxe6 50. fxe6 Nd4 51. e7+ Kf7 52. Kd7 1-0

[Event "Campeonato de Aragón de Ajedrez por Equ"]
[Site "Aragón"]
[Date "2016.03.19"]
[Round "8.11"]
[White "Cobo Garrido, Diego Israel"]
[Black "Carruez Berges, Santiago"]
[Result "1-0"]
[WhiteElo "2062"]
[BlackElo "2046"]
[PlyCount "49"]
[EventDate "2016.01.30"]
[WhiteTeam "ONCE C.A. Aragon"]
[BlackTeam "Agrupacion A"]

1. e4 e6 2. d4 d5 3. Bd3 dxe4 4. Bxe4 Nf6 5. Bf3 c5 6. Ne2 Nc6 7. Be3 Qb6 8.
Nbc3 cxd4 9. Nxd4 Bc5 10. Nxc6 Bxe3 11. fxe3 bxc6 12. Qd4 Bd7 13. Ne4 Nxe4 14.
Bxe4 O-O 15. O-O-O Rad8 16. Qxb6 axb6 17. Rd6 Bc8 18. Rxd8 Rxd8 19. Bxc6 Ba6
20. Rd1 Rc8 21. Rd6 Kf8 22. Bf3 Rb8 23. Rd7 Ke8 24. Ra7 Bc4 25. Ra8 1-0

[Event "Campeonato de Aragón de Ajedrez por Equ"]
[Site "Aragón"]
[Date "2016.03.19"]
[Round "8.12"]
[White "Carruez Berges, Fernando"]
[Black "Latorre Abad, Fernando"]
[Result "1/2-1/2"]
[WhiteElo "2023"]
[BlackElo "2056"]
[PlyCount "102"]
[EventDate "2016.01.30"]
[WhiteTeam "Agrupacion A"]
[BlackTeam "ONCE C.A. Aragon"]

1. c4 c5 2. Nf3 Nf6 3. d4 cxd4 4. Nxd4 b6 5. f3 a6 6. e4 Qc7 7. Nc3 e6 8. Be2
Bd6 9. g3 Bb7 10. Be3 Be7 11. Rc1 d6 12. Qd2 Nbd7 13. b3 Rc8 14. O-O O-O 15.
Rfe1 Qb8 16. Bf1 Rfe8 17. Bg2 Bd8 18. Nde2 Bc7 19. Rcd1 h5 20. Bf4 Ne5 21. Bg5
Nh7 22. Be3 h4 23. Kf2 Rcd8 24. Nf4 hxg3+ 25. hxg3 Nf6 26. Rh1 Ng6 27. Nxg6
fxg6 28. Ne2 d5 29. cxd5 exd5 30. exd5 Bxd5 31. Qc2 Bf7 32. Rxd8 Qxd8 33. Rd1
Qe7 34. Bd4 Nd5 35. Qd3 Nb4 36. Qd2 Nc6 37. Be3 Nb4 38. Bd4 Nd5 39. Nc3 Nb4 40.
Bf1 Qd6 41. f4 b5 42. Be3 Qe6 43. Bc5 Bb6 44. Bxb6 Qxb6+ 45. Qd4 Qxd4+ 46. Rxd4
Rc8 47. Rxb4 Rxc3 48. a4 Rxb3 49. Rxb3 Bxb3 50. axb5 axb5 51. Bxb5 Kf7 1/2-1/2

[Event "Campeonato de Aragón de Ajedrez por Equ"]
[Site "Aragón"]
[Date "2016.03.19"]
[Round "8.13"]
[White "Garza Marco, Sergio"]
[Black "Gimeno Oteo, Marco Antonio"]
[Result "1-0"]
[WhiteElo "2398"]
[BlackElo "2070"]
[PlyCount "87"]
[EventDate "2016.01.30"]
[WhiteTeam "Helios"]
[BlackTeam "San Jose"]

1. d4 Nf6 2. Nf3 g6 3. c4 Bg7 4. Nc3 d6 5. Bg5 h6 6. Bh4 g5 7. Bg3 Nh5 8. e3
Nd7 9. Be2 Nxg3 10. hxg3 Nf6 11. Qc2 Bg4 12. Nd2 Bxe2 13. Nxe2 Qd7 14. c5 c6
15. Rc1 d5 16. b4 Ng4 17. a4 a6 18. Rb1 O-O 19. Rb3 e5 20. f3 exd4 21. fxg4
dxe3 22. Rxe3 Rfe8 23. Rxe8+ Rxe8 24. Nf3 Qxg4 25. Kf2 Re4 26. b5 axb5 27. axb5
Rc4 28. Qa2 Ra4 29. Qd2 Qf5 30. bxc6 bxc6 31. Kg1 Rc4 32. Kh2 Rxc5 33. Ned4 Qg6
34. Re1 Rc4 35. g4 Qd6+ 36. Kh3 Qf4 37. Re8+ Kh7 38. Qd3+ f5 39. Qxf5+ Qxf5 40.
Nxf5 Bf6 41. Ng3 Bc3 42. Re7+ Kg6 43. Re6+ Kh7 44. Nf5 1-0

[Event "Campeonato de Aragón de Ajedrez por Equ"]
[Site "Aragón"]
[Date "2016.03.19"]
[Round "8.14"]
[White "Ferreruela Romero, Jose Joaqui"]
[Black "Guzman Moneo, Alberto"]
[Result "1/2-1/2"]
[WhiteElo "2000"]
[BlackElo "2211"]
[PlyCount "77"]
[EventDate "2016.01.30"]
[WhiteTeam "San Jose"]
[BlackTeam "Helios"]

1. d4 Nf6 2. Nc3 d5 3. Bf4 e6 4. Nf3 Bb4 5. a3 Bxc3+ 6. bxc3 c5 7. dxc5 Qa5 8.
Be5 Nbd7 9. Bxf6 gxf6 10. g3 Qxc3+ 11. Nd2 Nxc5 12. Bg2 Ne4 13. Bxe4 dxe4 14.
O-O f5 15. Rb1 O-O 16. Rb3 Qf6 17. Qc1 b6 18. Re1 Ba6 19. Nf1 Rac8 20. Ne3 Rfd8
21. Ng2 Bc4 22. Rb1 e5 23. Ne3 Be6 24. Rd1 Rxd1+ 25. Qxd1 Rd8 26. Qc1 Qe7 27.
c4 Rd4 28. Nd5 Qd8 29. Rb5 Kg7 30. Kg2 h6 31. e3 Rd3 32. Qb2 f6 33. Qb4 Kf7 34.
a4 Bxd5 35. cxd5 Kg6 36. Qc4 a6 37. Rb1 Qxd5 38. Qxa6 Rb3 39. Rxb3 1/2-1/2

[Event "Campeonato de Aragón de Ajedrez por Equ"]
[Site "Aragón"]
[Date "2016.03.19"]
[Round "8.15"]
[White "Cerrajeria Ruiz, Jesus Maria"]
[Black "Palomar Ramon, Santiago"]
[Result "1-0"]
[WhiteElo "2210"]
[BlackElo "1980"]
[PlyCount "89"]
[EventDate "2016.01.30"]
[WhiteTeam "Helios"]
[BlackTeam "San Jose"]

1. g3 e5 2. Bg2 Nc6 3. c4 Bc5 4. Nc3 a6 5. Nf3 d6 6. e3 Bg4 7. h3 Bf5 8. d4 Ba7
9. Nh4 Bd7 10. O-O Nf6 11. dxe5 dxe5 12. b3 O-O 13. Ba3 Re8 14. Qd2 Qc8 15. Kh2
Ne7 16. Rad1 Bc6 17. Bxe7 Bxg2 18. Kxg2 Rxe7 19. Nd5 Nxd5 20. Qxd5 c6 21. Qd6
Re8 22. e4 Bb8 23. Qd7 g6 24. Qxc8 Rxc8 25. Rd7 Bc7 26. Nf3 h6 27. Rfd1 Kf8 28.
h4 Ke8 29. h5 Rd8 30. Rxd8+ Rxd8 31. Rxd8+ Kxd8 32. hxg6 fxg6 33. Nh4 Bd6 34.
Nxg6 Kc7 35. f4 Kb6 36. fxe5 Bb4 37. e6 Ka5 38. e7 Bxe7 39. Nxe7 Kb4 40. e5 a5
41. Nxc6+ bxc6 42. e6 Ka3 43. e7 Kxa2 44. e8=Q Kxb3 45. Qxc6 1-0

[Event "Campeonato de Aragón de Ajedrez por Equ"]
[Site "Aragón"]
[Date "2016.03.19"]
[Round "8.16"]
[White "Urgel Varela, Fernando"]
[Black "Navarro Alonso, Jorge"]
[Result "0-1"]
[WhiteElo "1821"]
[BlackElo "2182"]
[PlyCount "38"]
[EventDate "2016.01.30"]
[WhiteTeam "San Jose"]
[BlackTeam "Helios"]

1. e4 c5 2. Bc4 e6 3. Nc3 a6 4. a4 Nc6 5. f4 Nge7 6. e5 d5 7. exd6 Nf5 8. Ne4
Nxd6 9. Nxd6+ Bxd6 10. d3 Qf6 11. Ne2 Qh4+ 12. g3 Qh3 13. Kf2 Bd7 14. Ng1 Qf5
15. Nf3 O-O-O 16. Bd2 e5 17. fxe5 Nxe5 18. Rf1 Bc6 19. Kg2 g5 0-1

[Event "Campeonato de Aragón de Ajedrez por Equ"]
[Site "Aragón"]
[Date "2016.03.19"]
[Round "8.17"]
[White "Salamero Pelay, Fernando"]
[Black "Baron Rodriguez, Jesus"]
[Result "0-1"]
[WhiteElo "2169"]
[BlackElo "2439"]
[PlyCount "62"]
[EventDate "2016.01.30"]
[WhiteTeam "Atl. Huesca"]
[BlackTeam "Ibercaja A"]

1. Nf3 d5 2. g3 Bg4 3. Bg2 Nd7 4. O-O e6 5. d3 Bd6 6. Nbd2 Ne7 7. e4 O-O 8. Qe1
c5 9. h3 Bh5 10. Nh2 Qb8 11. f4 Kh8 12. b3 f6 13. exd5 exd5 14. Ng4 Qc7 15. Ne3
Bf7 16. Qf2 Rae8 17. Bb2 b5 18. c4 bxc4 19. bxc4 d4 20. Nd5 Nxd5 21. cxd5 Nb6
22. Rac1 Nxd5 23. Bxd4 Nb4 24. Be4 Rxe4 25. Nxe4 Nxd3 26. Bxc5 Nxf2 27. Bxd6
Qb7 28. Nxf2 Qf3 29. Ne4 Qe3+ 30. Kh2 Re8 31. Rce1 Qd3 0-1

[Event "Campeonato de Aragón de Ajedrez por Equ"]
[Site "Aragón"]
[Date "2016.03.19"]
[Round "8.18"]
[White "Gines Esteo, Pedro Antonio"]
[Black "Gella Lopez, Angel"]
[Result "1-0"]
[WhiteElo "2192"]
[BlackElo "2081"]
[PlyCount "85"]
[EventDate "2016.01.30"]
[WhiteTeam "Ibercaja A"]
[BlackTeam "Atl. Huesca"]

1. d4 Nf6 2. Nf3 e6 3. e3 b6 4. Bd3 Bb7 5. O-O c5 6. c4 Be7 7. Nc3 O-O 8. d5
exd5 9. cxd5 Nxd5 10. Nxd5 Bxd5 11. Bxh7+ Kxh7 12. Qxd5 Nc6 13. e4 Nb4 14. Qh5+
Kg8 15. Bg5 f6 16. Bf4 d5 17. Rad1 d4 18. Nh4 Bd6 19. Bc1 Re8 20. a3 Re5 21.
Nf5 Nc6 22. Bf4 Bf8 23. Bxe5 Nxe5 24. f4 Nc4 25. Rd3 Qe8 26. Nh6+ gxh6 27. Qd5+
Kh8 28. Qxc4 Qxe4 29. Rg3 Bg7 30. Qf7 Qh7 31. Re1 a5 32. f5 Qg8 33. Qc7 Rc8 34.
Qxb6 Re8 35. Qxa5 Rxe1+ 36. Qxe1 Qb8 37. Qe7 Qf8 38. Rxg7 Qxg7 39. Qxg7+ Kxg7
40. a4 c4 41. Kf2 c3 42. bxc3 dxc3 43. Ke2 1-0

[Event "Campeonato de Aragón de Ajedrez por Equ"]
[Site "Aragón"]
[Date "2016.03.19"]
[Round "8.19"]
[White "Gella Bitrian, Diego"]
[Black "Eizaguerri Floris, Maria"]
[Result "0-1"]
[WhiteElo "2020"]
[BlackElo "1906"]
[PlyCount "78"]
[EventDate "2016.01.30"]
[WhiteTeam "Atl. Huesca"]
[BlackTeam "Ibercaja A"]

1. e4 c5 2. Nf3 e6 3. d4 cxd4 4. Nxd4 Nc6 5. Nc3 a6 6. Be3 Nf6 7. Be2 Qc7 8.
O-O b5 9. Nxc6 dxc6 10. a3 Be7 11. f4 e5 12. fxe5 Qxe5 13. Bf4 Qc5+ 14. Kh1 O-O
15. Bf3 Rd8 16. Qe1 Be6 17. Be3 Qe5 18. Bb6 Rd7 19. Rd1 Bc4 20. Rf2 Rb8 21.
Rxd7 Nxd7 22. Be3 Nf8 23. Rd2 Ng6 24. Bd4 Qe6 25. b3 b4 26. axb4 Bxb4 27. bxc4
c5 28. Qg3 Re8 29. Bg4 Qxc4 30. Be2 Qe6 31. Bf2 Qe5 32. Qxe5 Nxe5 33. Nb1 Bxd2
34. Nxd2 a5 35. Bxc5 Rc8 36. Bb6 Rxc2 37. Bxa5 Nc6 38. Bb6 Rxd2 39. Bf1 Nd4 0-1

[Event "Campeonato de Aragón de Ajedrez por Equ"]
[Site "Aragón"]
[Date "2016.03.19"]
[Round "8.20"]
[White "Torcal Miguel, Oscar"]
[Black "Vinuales Ferro, Antonio"]
[Result "1-0"]
[WhiteElo "1902"]
[BlackElo "1412"]
[PlyCount "75"]
[EventDate "2016.01.30"]
[WhiteTeam "Ibercaja A"]
[BlackTeam "Atl. Huesca"]

1. e4 c5 2. Nf3 d6 3. d4 cxd4 4. Nxd4 Nf6 5. Nc3 a6 6. f3 e6 7. Be3 b5 8. Qd2
Bb7 9. g4 Nfd7 10. O-O-O Nb6 11. Qf2 N8d7 12. Nb3 Rc8 13. Bf4 e5 14. Be3 Be7
15. h4 Nc4 16. Bxc4 bxc4 17. Nd2 Nc5 18. g5 Qd7 19. h5 Na4 20. Ndb1 Bc6 21.
Nxa4 Bxa4 22. Qd2 Qb7 23. Qc3 Bb3 24. a3 Ba2 25. Qb4 Qxb4 26. axb4 Bxb1 27.
Kxb1 Rb8 28. c3 f6 29. gxf6 gxf6 30. Kc2 Rg8 31. Rhg1 Kd7 32. Ra1 Rxg1 33. Rxg1
Rh8 34. Rg7 Ke8 35. b3 cxb3+ 36. Kxb3 Kf8 37. h6 Ke8 38. Kc4 1-0

[Event "Campeonato de Aragón de Ajedrez por Equ"]
[Site "Aragón"]
[Date "2016.03.19"]
[Round "8.21"]
[White "Llanes Luno, Ricardo"]
[Black "Veras Sanz, Marino"]
[Result "1/2-1/2"]
[WhiteElo "2170"]
[BlackElo "2057"]
[PlyCount "40"]
[EventDate "2016.01.30"]
[WhiteTeam "Delicias"]
[BlackTeam "El Olivar B"]

1. e4 c5 2. Nf3 d6 3. d4 cxd4 4. Qxd4 Nc6 5. Bb5 Bd7 6. Bxc6 Bxc6 7. Nc3 Nf6 8.
Bg5 e6 9. O-O-O Be7 10. Rhe1 O-O 11. Qd2 Qa5 12. Kb1 Rfd8 13. Nd4 h6 14. Bh4
Qh5 15. Bg3 d5 16. Nxc6 bxc6 17. exd5 Nxd5 18. Nxd5 Rxd5 19. Qc1 Rad8 20. Rxd5
Qxd5 1/2-1/2

[Event "Campeonato de Aragón de Ajedrez por Equ"]
[Site "Aragón"]
[Date "2016.03.19"]
[Round "8.22"]
[White "Bailo Remacha, Santiago"]
[Black "Roche Simon, Manuel Angel"]
[Result "0-1"]
[WhiteElo "2036"]
[BlackElo "2143"]
[PlyCount "81"]
[EventDate "2016.01.30"]
[WhiteTeam "El Olivar B"]
[BlackTeam "Delicias"]

1. d4 d5 2. c4 c6 3. Nc3 e6 4. Nf3 Bd6 5. b3 Nf6 6. Bb2 O-O 7. g3 Nbd7 8. Bg2
Qe7 9. O-O dxc4 10. bxc4 e5 11. e3 Ba3 12. Bxa3 Qxa3 13. Qb3 Qe7 14. Rab1 Re8
15. c5 h6 16. Nd2 Rd8 17. Nc4 exd4 18. exd4 Nf8 19. Nd6 Ne6 20. Qc4 Qc7 21. d5
cxd5 22. Bxd5 Nxd5 23. Nxd5 Qd7 24. Nf5 Kh8 25. Nfe7 Re8 26. Rfd1 Rxe7 27. Nxe7
Qxe7 28. c6 b6 29. Qe4 Qc7 30. Rbc1 g6 31. f4 Kg7 32. Kg2 Nc5 33. Qd4+ Kh7 34.
Qf6 Be6 35. h4 Qxc6+ 36. Kh2 Qf3 37. Qb2 Qg4 38. Qg2 Re8 39. Rc3 Bf5 40. Rd2
Re1 41. Ra3 0-1

[Event "Campeonato de Aragón de Ajedrez por Equ"]
[Site "Aragón"]
[Date "2016.03.19"]
[Round "8.23"]
[White "Naya Sancho, Jose Ignacio"]
[Black "Bayod Rubia, Angel"]
[Result "1-0"]
[WhiteElo "2121"]
[BlackElo "2009"]
[PlyCount "75"]
[EventDate "2016.01.30"]
[WhiteTeam "Delicias"]
[BlackTeam "El Olivar B"]

1. e4 c5 2. Nc3 e6 3. Nf3 d6 4. d4 cxd4 5. Nxd4 a6 6. Be3 Nf6 7. Be2 Be7 8. O-O
O-O 9. f4 Nc6 10. Kh1 Nxd4 11. Bxd4 b5 12. Bd3 Ne8 13. Qh5 g6 14. Qe2 Ng7 15.
f5 e5 16. Bg1 Bb7 17. Qf2 Bh4 18. Qe3 Bg5 19. Qf2 Bh4 20. g3 Bf6 21. fxg6 fxg6
22. a4 b4 23. Bc4+ Kh8 24. Nd5 Be7 25. Qe2 Bxd5 26. Bxd5 Qc8 27. Rxf8+ Bxf8 28.
Qf3 Qe8 29. Bxa8 Qxa8 30. Bf2 Be7 31. Kg1 Kg8 32. Qb3+ Kh8 33. Qf7 Bg5 34. Rd1
Qe8 35. Qc7 Be7 36. Qc4 Qxa4 37. Qc8+ Ne8 38. b3 1-0

[Event "Campeonato de Aragón de Ajedrez por Equ"]
[Site "Aragón"]
[Date "2016.03.19"]
[Round "8.24"]
[White "Arinez Bruna, Octavio"]
[Black "Lamas Mercadal, Manuel"]
[Result "0-1"]
[WhiteElo "1937"]
[BlackElo "2084"]
[PlyCount "58"]
[EventDate "2016.01.30"]
[WhiteTeam "El Olivar B"]
[BlackTeam "Delicias"]

1. c4 e5 2. g3 Nc6 3. Nc3 Bc5 4. Bg2 a6 5. e3 d6 6. a3 Nge7 7. Nge2 Ba7 8. b4
h5 9. h4 Bg4 10. O-O Qd7 11. Bb2 Bh3 12. d4 Bxg2 13. Kxg2 O-O 14. d5 Nd8 15.
Ne4 Qg4 16. N2c3 Qg6 17. Kh2 f6 18. Rc1 Nf7 19. c5 f5 20. cxd6 cxd6 21. Nd2 Nh6
22. Nf3 Ng4+ 23. Kh3 f4 24. gxf4 exf4 25. Ng5 fxe3 26. Qc2 Nxf2+ 27. Kg2 Nf5
28. Rg1 Nxh4+ 29. Kf1 Nd3+ 0-1